| 000 | 00000nam 2200000za 4500 |
| 001 | 9.611247 |
| 003 | CaOODSP |
| 005 | 20200331070123 |
| 007 | ta |
| 008 | 150406|1995||||xxc||||| f|0| 0 eng d |
| 020 | |a0-662-22260-1 |
| 040 | |aCaOODSP|beng |
| 043 | |an-cn--- |
| 086 | 1 |aA42-55/1994E |
| 110 | 1 |aCanada. |bAgriculture and Agri-Food Canada. |bResearch Branch. |
| 245 | 10|aLong-term climatic trends for agriculture at Brandon, Manitoba / |cby A. Bootsma et al. |
| 260 | |aOttawa : |bAgriculture and Agri-Food Canada, |c1995. |
| 300 | |a4p. : |bgraphs ; |c28 cm. |
| 490 | 1 |aCLBRR contribution. |
| 563 | |aPamphlet |
| 690 | 07|aAgriculture|2gcpds |
| 690 | 07|aClimate|2gcpds |
| 720 | 1 |aBootsma, A. |
| 776 | 0#|tLong-term climatic trends for agriculture at Brandon, Manitoba |w(CaOODSP)9.846651 |
| 830 | #0|aCLBRR contribution.|w(CaOODSP)9.514403 |
| 986 | |aCLBRR Contribution No. 94-85 |